Der praktische Fall: Heimliches Betreten von Wohnung zwecks Risikominimierung vor einer Festnahme

Saved in:  
Bibliographic Details
Authors: Keller, Christoph 1965- (Author) ; Braun, Frank (Author)
Format: Print Article
Language:German
Published: 2012
In: Kriminalistik
Year: 2012, Volume: 66, Issue: 4, Pages: 261-266
Check availability: HBZ Gateway

MARC

LEADER 00000caa a2200000 c 4500
001 1631811061
003 DE-627
005 20220607131055.0
007 tu
008 120502s2012 xx ||||| 00| ||ger c
035 |a (DE-627)1631811061 
035 |a (DE-576)364338024 
035 |a (DE-599)BSZ364338024 
040 |a DE-627  |b ger  |c DE-627  |e rakwb 
041 |a ger 
100 1 |a Keller, Christoph  |d 1965-  |0 (DE-588)122963148  |0 (DE-627)082262888  |0 (DE-576)293497249  |4 aut 
109 |a Keller, Christoph 1965-  |a Keller 1965- 
245 1 4 |a Der praktische Fall: Heimliches Betreten von Wohnung zwecks Risikominimierung vor einer Festnahme  |c von Christoph Keller und Frank Braun 
264 1 |c 2012 
336 |a Text  |b txt  |2 rdacontent 
337 |a ohne Hilfsmittel zu benutzen  |b n  |2 rdamedia 
338 |a Band  |b nc  |2 rdacarrier 
700 1 |a Braun, Frank  |0 (DE-588)1015270425  |0 (DE-627)668736666  |0 (DE-576)350390681  |4 aut 
773 0 8 |i In  |t Kriminalistik  |d Heidelberg : C.F. Müller GmbH, Kriminalistik, 1949  |g 66(2012), 4, Seite 261-266  |w (DE-627)129489522  |w (DE-600)205902-2  |w (DE-576)014883163  |x 0023-4699  |7 nnas 
773 1 8 |g volume:66  |g year:2012  |g number:4  |g pages:261-266 
935 |a mkri 
951 |a AR 
ELC |b 1 
LOK |0 000 xxxxxcx a22 zn 4500 
LOK |0 001 328310476X 
LOK |0 003 DE-627 
LOK |0 004 1631811061 
LOK |0 005 20250929135223 
LOK |0 008 160208||||||||||||||||ger||||||| 
LOK |0 040   |a DE-21-110  |c DE-627  |d DE-21-110 
LOK |0 852   |a DE-21-110 
LOK |0 852 1  |m p  |9 00 
LOK |0 935   |a k110 
LOK |0 938   |k p 
LOK |0 939   |a 08-02-16  |b l01 
ORI |a SA-MARC-krimdoka001.raw